تاريخ مديرية خط الاستواء المصرية : (Record no. 62983)
[ view plain ]
| 000 -الفاتح | |
|---|---|
| حقل البيانات ثابتة الطول | 01582nam a22003017a 4500 |
| 005 - وقت وتاريخ اخر تعامل مع التسجيلة | |
| رقم الضبط | 20240530110617.0 |
| 008 - عناصر البيانات ثابتة الطول - معلومات عامة | |
| حقل البيانات ثابتة الطول | 161204s2013 ua bc f b 001 0 ara d |
| 017 ## - رقم الايداع القانونى | |
| رقم الايداع القانونى | 2013/4153 (مج1) |
| المصدر ( الهيئة المختصة) | مصر . دار الكتب المصرية |
| 017 ## - رقم الايداع القانونى | |
| رقم الايداع القانونى | 2013/4154 (مج2) |
| المصدر ( الهيئة المختصة) | مصر . دار الكتب المصرية |
| 017 ## - رقم الايداع القانونى | |
| رقم الايداع القانونى | 2013/4155 (مج3) |
| المصدر ( الهيئة المختصة) | مصر . دار الكتب المصرية |
| 020 ## - الرقم الدولى المعيارى للكتب | |
| الرقم الدولى المعيارى للكتاب | 9789771809605 (مج1) |
| 020 ## - الرقم الدولى المعيارى للكتب | |
| الرقم الدولى المعيارى للكتاب | 9789771809616 (مج2) |
| 020 ## - الرقم الدولى المعيارى للكتب | |
| الرقم الدولى المعيارى للكتاب | 9789771809623 (مج3) |
| 040 ## - مصدر الفهرسة | |
| وكالة الفهرسة الأصلية | EG-CaGPL |
| 082 04 - رقم تصنيف ديوى العشرى | |
| رقم الطبعة | 21 |
| رقم التصنيف | 962.43 |
| رقم المادة | ق/ع ت |
| 100 0# - المدخل الرئيسى - إسم شخصى | |
| الإسم الشخصى | عمر طوسون |
| التواريخ المصاحبة للاسم | 1872 - 1944 |
| الشكل الأكمل للاسم | عمر بن طوسون بن محمد سعيد بن محمد علي |
| 245 10 - بيان العنوان | |
| العنوان | تاريخ مديرية خط الاستواء المصرية : |
| بقية العنوان | من فتحها إلى ضياعها من سنة 1869 - 1889م / |
| بيان المسئوليه,etc | عمر طوسون ؛ تقديم ودراسة السيد فليفل ؛ اعداد وتحقيق صفاء محمد شاكر |
| 260 ## - PUBLICATION, DISTRIBUTION, ETC. (IMPRINT) | |
| تاريخ النشر أو التوزيع | 2013 |
| 300 ## - الوصف المادى | |
| التعداد | 3 مج : |
| تفاصيل ماديه اخرى للوعاء | خرائط ، صور شخصية ؛ |
| أبعاد الوعاء | 24 سم + |
| المادة المصاحبة | ملاحق |
| 504 ## - تبصرة ببليوجرافية | |
| تبصرة ببليوجرافية,الخ | ببليوجرافية : ص 301 -312 |
| 651 07 - المدخل الاضافى بالموضوع - اسم جغرافى | |
| مصدر الرأس أو المصطلح | qrmak |
| الاسم الجغرافي | مصر |
| التقسيم الفرعي العام | تاريخ |
| 651 07 - المدخل الاضافى بالموضوع - اسم جغرافى | |
| مصدر الرأس أو المصطلح | qrmak |
| الاسم الجغرافي | مصر |
| التقسيم الفرعي العام | تاريخ |
| التقسيم الفرعي الزمني | العصر الحديث |
| 651 07 - المدخل الاضافى بالموضوع - اسم جغرافى | |
| مصدر الرأس أو المصطلح | qrmak |
| الاسم الجغرافي | مصر |
| التقسيم الفرعي العام | تاريخ |
| التقسيم الفرعي الزمني | العصر الحديث |
| -- | الخديوي توفيق (1879-1892م) |
| 700 0# - المدخل الاضافى - اسم شخصى | |
| الإسم الشخصى | السيد فليفل |
| الدور | مقدم |
| 700 0# - المدخل الاضافى - اسم شخصى | |
| الإسم الشخصى | صفاء محمد شاكر |
| الدور | معد |
| 942 ## - عناصر المدخل الإضافي( كوها) | |
| مصدر التصنيف او مخطط الترفيف | Dewey Decimal Classification |
| Koha [default] item type | كتاب |
| 260 ## - PUBLICATION, DISTRIBUTION, ETC. (IMPRINT) | |
| -- | القاهرة : |
| -- | دار الكتب والوثائق القومية ، |
| حالة التراجع | حالة الفقد | حالة تلف | ليس للاعارة | المكان المؤقت | الموقع الحالى | موقع الترفيف | تاريخ الاكتساب | اجمالي اﻻعارات | رقم الطلب | الباركود | تاريخ اخر مشاهدة | تاريخ تفعيل السعر | نوع وعاء كوها |
|---|---|---|---|---|---|---|---|---|---|---|---|---|---|
| مكتبة القاهرة الكبرى | مكتبة القاهرة الكبرى | 12/04/2016 | 962.43 ق/ع ت | 162920 | 12/04/2016 | 12/04/2016 | كتاب | ||||||
| مكتبة القاهرة الكبرى | مكتبة القاهرة الكبرى | 12/01/2019 | 962.43 ق/ع ت | 166768 | 12/01/2019 | 12/01/2019 | كتاب | ||||||
| مكتبة القاهرة الكبرى | مكتبة القاهرة الكبرى | 12/01/2019 | 962.43 ق/ع ت | 166769 | 12/01/2019 | 12/01/2019 | كتاب |

